00559nam a2200193Ia 4500008004100000020001400041082001200055100002000067245001300087250000800100260004100108300002600149500001900175600003300194650001200227942000700239952010400246999001500350240925s9999 xx 000 0 und d a471024422 a530 RES aHalliday, David 0aPhysics  a3rd aNew York:bJohn Wiley & Sonsc,1977. axx,810p.b1fOriginal aIncludes Index aHumanities & Natural Science aPhysics cBK 001040708HUMaUITUbUITUd2001-03-27eNAl0o530 RESpQ3652r2024-09-25 07:13:13w2024-09-25yBK c6151d6151